00883cam a2200229 a 450000500170000000800410001702000180005803500570007604000500013304100080018306000110019124500930020226000470029530000720034250400530041465000240046765000430049165000220053465000410055670000260059770000300062320180312122246.0160415s2010 enkado frb 001 0 eng d a9780470985632 a(OCoLC)529295623z(OCoLC)499072753z(OCoLC)780007344 aCO-BoUCMbspacSandra PalaciodSandra Palacio0 aeng aQT 26100aSports rehabilitation and injury prevention ceditado por Paul Comfort, Earle Abrahamson aOxford (Inglaterra)bWiley-Blackwellc2010 axx, 528 páginasbilustraciones, tablas, gráficas, fotografías aIncluye referencias bibliográficas e índices 7aMedicina deportiva  7aTraumatismos en atletas xTraumatismos 7aRehabilitación  7aAccidentes deportivos xPrevención1 aComfort, Pauleeditor1 aAbrahamson, Earleeeditor